Statistiques concernant Culture Générale - Série 1506

Cliquez ici pour prendre le quiz!

Statistiques générales

  • Ce quiz a été pris 57 fois
  • Le résultat moyen est 6 sur 10

Statistiques - réponses

QuestionRéponse% Correct
Dans quelle ville se trouve la fontaine de Trevi ?Rome
98%
Quel continent surnomme-t-on parfois le "Vieux Continent" ?Europe
96%
A quel mathématicien grec se rapporte l'adjectif "euclidien" ?Euclide
95%
La triskaïdékaphobie est la peur du nombre ....13
89%
Quelle unité de mesure de force, qui a pour symbole la lettre "N", tient son nom d'un physicien anglais ?newton
78%
Quel petit être vert aux oreilles pointues, forme Luke Skywalker à l'art de devenir Jedi dans : "L'Empire contre-attaque" ?Yoda
64%
Quel nom spécifique désigne un joueur de tuba ?tubiste
60%
En quelle année Henry Dunant, fondateur de la Croix-Rouge, a-t-il reçu le prix Nobel de la paix ?1901
29%
Dans le film des frères Larrieu : "Les Derniers Jours du monde", quelle ville devient la capitale de la France ?Toulouse
24%
Comment s'appelle dans le film d'animation Raiponce l'ami caméléon de celle ci ?Pascal
9%

Distribution des résultats

Percentile par nombre de réponses

% des personnes avec chaque résultat

Votre développement - résultats

Vous n’avez pas pris ce quiz